One and Onlys - Statistics

General Stats
  • This quiz has been taken 30 times
  • The average score is 11 of 20
Answer Stats
Hint The Only % Correct
The only country starting with Y Yemen
100%
The only country starting with O Oman
97%
The only coutry starting with Q Qatar
93%
The only two one letter words A
83%
I
83%
Someone with only one hit song One {Hit Wonder}
80%
The only capital city starting with Q Quito
67%
The only planet that rotates around the sun clockwise Venus
63%
The only capital city starting with Z Zagreb
60%
The only capital city starting with U Ulaanbaatar
57%
The only S. American country with English as its official language Guyana
53%
The only food mostly eaten by koalas Eucalyptus Leaves
50%
The only capital city starting with I Islamabad
50%
The only group of animals around today that are direct descendants of dinosaurs Birds
47%
The only city with more than 37 million citizens Tokyo
47%
Only one of these to "rule them all" Ring
43%
The only sovereign African state in which Spanish is an official language Equatorial Guinea
27%
The only US state capital that doesn't have a McDonald's Montpelier, Vermont
17%
The only animal besides humans that can contract leprosy Armadillo
7%
The only U.S. president who was an expert tailor Andrew Johnson
0%
No matching quizzes found
Score Distribution
Percent of People with Each Score
Percentile by Number Answered
Your Score History
You have not taken this quiz